• 首页
  • 本馆介绍
  • 公告通知
  • 最新文献
  • 馆藏检索
  • 电子资源
  • 读者导购
  • 参考咨询
  • 我的图书馆
  • 登录
  • 详细信息显示
  • 放入我的书架
  • 预约/预借图书
  • 作者相关作品
  • 分类相关作品
  • 丛书相关作品
  • 出版社相关作品

书目信息

  • 表格格式
  • 工作单格式
  • 卡片格式
题名:
创意手绘插画
    
 
作者: 王娟 , 朱婉吟 , 盛天娇 主编
分册:  
出版信息: 武汉   华中科技大学出版社  2019.3
页数: 87页
开本: 29cm
丛书名:
单 册:
中图分类: J218.5
科图分类:
主题词: 插图 (绘画)--绘画技法--高等学校--教材
电子资源:
ISBN: 978-7-5680-5032-6
000 01385nam0 2200289 45
001 012001000951
005 20130910101551.0
010    @a978-7-5680-5032-6@dCNY39.00
099    @aCAL 012019076736
100    @a20190614d2019 em y0chiy0110 ea
101 0  @achi
102    @aCN@b420000
105    @aa a 000yy
106    @ar
200 1  @a创意手绘插画@Achuang yi shou hui cha hua@f主编王娟, 朱婉吟, 盛天娇
210    @a武汉@c华中科技大学出版社@d2019.3
215    @a87页@c图@d29cm
300    @a高等院校艺术学门类“十三五”规划教材
320    @a有书目。
330    @a本书侧重手绘插绘画基础讲解, 主要训练手绘黑白插画绘制技法和插画思维创意方法, 这两方面能力。全书共分六章, 第一章主要介绍手绘插画的相关概念以及手绘插画的应用领域 ; 第二章介绍了手绘插画绘制的基本工具和绘制前期准备工作 ; 第三章针对手绘插画中基础元素, 点、线、面, 以及手绘插画构图形式进行分类讲解, 侧重于手绘插画基础技法 ; 第四章讲授单个物体和组合物体的绘制表现方法 ; 第五章针对于插画创意设计的思维方法进行系统的讲解 ; 第六章进行案例的详细创作流程讲解。通过六章的讲解, 循序渐进的将手绘黑白插画绘制技法及创意方式与大家共享, 供学习者学习借鉴。
606 0  @a插图 (绘画)@x绘画技法@x高等学校@j教材
690    @aJ218.5@v5
701  0 @a王娟@AWang Juan@4主编
701  0 @a朱婉吟@AZhu Wanyin@4主编
701  0 @a盛天娇@ASheng Tianjiao@4主编
801    @aCN@b江苏凤凰@c20211018
905    @b1341637-40@dJ218.5@e1272@f4
    
    创意手绘插画/主编王娟, 朱婉吟, 盛天娇.-武汉:华中科技大学出版社,2019.3
    87页:图;29cm
    高等院校艺术学门类“十三五”规划教材
    
    ISBN 978-7-5680-5032-6:CNY39.00
    本书侧重手绘插绘画基础讲解, 主要训练手绘黑白插画绘制技法和插画思维创意方法, 这两方面能力。全书共分六章, 第一章主要介绍手绘插画的相关概念以及手绘插画的应用领域 ; 第二章介绍了手绘插画绘制的基本工具和绘制前期准备工作 ; 第三章针对手绘插画中基础元素, 点、线、面, 以及手绘插画构图形式进行分类讲解, 侧重于手绘插画基础技法 ; 第四章讲授单个物体和组合物体的绘制表现方法 ; 第五章针对于插画创意设计的思维方法进行系统的讲解 ; 第六章进行案例的详细创作流程讲解。通过六章的讲解, 循序渐进的将手绘黑白插画绘制技法及创意方式与大家共享, 供学习者学习借鉴。
●
相关链接 在E读中查询图书 在五车中查询图书 在当当中查询图书 在豆瓣中查询图书


正题名:创意手绘插画     索取号:J218.5/1272         预约/预借

序号 登录号 条形码 馆藏地/架位号 状态 备注
1 1341637   213416374   第一样本阅览室/ [索取号:J218.5/1272] 在馆    
2 1341638   213416383   第一借阅区/ [索取号:J218.5/1272] 在馆    
3 1341639   213416392   第一借阅区/ [索取号:J218.5/1272] 在馆    
4 1341640   213416409   第一借阅区/ [索取号:J218.5/1272] 在馆    
唐山师范学院图书馆 欢迎您!
大连网信软件有限公司© 版权所有